Catholic post-liberalism: Trumpism’s dark ally (notice n° 1613728)
[ vue normale ]
| 000 -LEADER | |
|---|---|
| fixed length control field | 00953cam a2200169 4500500 |
| 005 - DATE AND TIME OF LATEST TRANSACTION | |
| control field | 20260111053237.0 |
| 041 ## - LANGUAGE CODE | |
| Language code of text/sound track or separate title | fre |
| 042 ## - AUTHENTICATION CODE | |
| Authentication code | dc |
| 100 10 - MAIN ENTRY--PERSONAL NAME | |
| Personal name | Howes, Thomas |
| Relator term | author |
| 245 00 - TITLE STATEMENT | |
| Title | Catholic post-liberalism: Trumpism’s dark ally |
| 260 ## - PUBLICATION, DISTRIBUTION, ETC. | |
| Date of publication, distribution, etc. | 2025.<br/> |
| 500 ## - GENERAL NOTE | |
| General note | 50 |
| 520 ## - SUMMARY, ETC. | |
| Summary, etc. | In our May 2025 issue, we interviewed James Patterson about the historical legacy of contemporary American Catholic post-liberals. We now turn to the co-author of his book, Thomas Howes, to explore the doctrinal and spiritual side of the post-liberal phenomenon shaping the Catholic cadres and ideologues within the Trumpist movement. How do political aspirations, civic virtues, and visions of salvation intersect within post-liberal Catholicism? |
| 700 10 - ADDED ENTRY--PERSONAL NAME | |
| Personal name | Gautier, Benoît |
| Relator term | author |
| 786 0# - DATA SOURCE ENTRY | |
| Note | Études | 4331 | 11 | 2025-11-03 | p. 7-16 | 0014-1941 |
| 856 41 - ELECTRONIC LOCATION AND ACCESS | |
| Uniform Resource Identifier | <a href="https://shs.cairn.info/journal-etudes-2025-11-page-7?lang=en&redirect-ssocas=7080">https://shs.cairn.info/journal-etudes-2025-11-page-7?lang=en&redirect-ssocas=7080</a> |
Pas d'exemplaire disponible.




Réseaux sociaux